Ground water hydrology.

Bibliographic Details
Main Author: Todd, David Keith, 1923-
Format: Book
Language:English
Published: New York : Wiley, [1959]
Subjects:

MARC

Tag First Indicator Second Indicator Subfields
LEADER 00000cam a22000001 4500
001 in00000044857
005 20151007075201.0
008 720107s1959 nyua b 00000 eng
010 |a  59009354  
015 |a GB59-11344 
016 7 |a CAT10966176  |2 DNAL 
019 |a 469603597 
020 |a 0471876151 
020 |a 9780471876151 
035 |a (OCoLC)00489954 
035 |9 AAF2779AM 
040 |a DLC  |c DLC  |d TXA  |d UtOrBLW 
049 |a TXAM  |c [310129] 
050 0 0 |a GB1003  |b .T56 
082 0 |a 551.49 
100 1 |a Todd, David Keith,  |d 1923- 
245 1 0 |a Ground water hydrology. 
264 1 |a New York :  |b Wiley,  |c [1959] 
300 |a 336 pages :  |b illustrations ;  |c 24 cm. 
336 |a text  |b txt  |2 rdacontent 
337 |a unmediated  |b n  |2 rdamedia 
338 |a volume  |b nc  |2 rdacarrier 
504 |a Includes bibliographical references and index. 
541 0 |a Donated by Lynn Holleran and Dr. Charles Bowman, Dept. of Petroleum Engineering, February 2004 (Qatar copy). 
650 0 |a Groundwater. 
999 |a MARS 
999 f f |s 29eecce6-39fe-3882-b224-8d151aa9cf8b  |i 2dd8ee85-6345-363e-a226-3f78c41b9273  |t 0 
952 f f |p ric  |a Texas A&M University  |b Rellis Campus  |c Joint Library Facility  |d Remote Storage  |t 0  |e GB1003 .T56  |h Library of Congress classification  |i unmediated -- volume  |m A14800953098 
998 f f |a GB1003 .T56  |t 0  |l Remote Storage